A box full of tales :easy ways to share library resources through story boxes(E-BOOK) (Record no. 193068)

000 -LEADER
fixed length control field 00859 a2200241 4500
003 - CONTROL NUMBER IDENTIFIER
control field Nust
005 - DATE AND TIME OF LATEST TRANSACTION
control field 20170207154050.0
010 ## - LIBRARY OF CONGRESS CONTROL NUMBER
LC control number 2007048794
020 ## - INTERNATIONAL STANDARD BOOK NUMBER
International Standard Book Number 0838909604 (alk. paper)
020 ## - INTERNATIONAL STANDARD BOOK NUMBER
International Standard Book Number 9780838909607 (alk. paper)
035 ## - SYSTEM CONTROL NUMBER
System control number (OCoLC)183608326
040 ## - CATALOGING SOURCE
Transcribing agency Nust
100 1# - MAIN ENTRY--PERSONAL NAME
Personal name MacMillan, Kathy,
245 12 - TITLE STATEMENT
Title A box full of tales :easy ways to share library resources through story boxes(E-BOOK)
Statement of responsibility, etc. Kathy MacMillan.
260 ## - PUBLICATION, DISTRIBUTION, ETC.
Place of publication, distribution, etc. Chicago :
Name of publisher, distributor, etc. American Library Association,
Date of publication, distribution, etc. 2008.
300 ## - PHYSICAL DESCRIPTION
Extent vi, 222 p. :
Other physical details ill. ;
Dimensions 28 cm.
500 ## - GENERAL NOTE
General note Illustrations are drawings of figures demonstrating American sign language.
650 #0 - SUBJECT ADDED ENTRY--TOPICAL TERM
Topical term or geographic name entry element Children's libraries
General subdivision Activity programs.
650 #0 - SUBJECT ADDED ENTRY--TOPICAL TERM
Topical term or geographic name entry element Library cooperation.
650 #0 - SUBJECT ADDED ENTRY--TOPICAL TERM
Topical term or geographic name entry element Storytelling.
651 ## - SUBJECT ADDED ENTRY--GEOGRAPHIC NAME
Geographic name E-BOOK
856 41 - ELECTRONIC LOCATION AND ACCESS
Materials specified Table of contents only
Uniform Resource Identifier <a href="http://www.loc.gov/catdir/toc/ecip085/2007048794.html">http://www.loc.gov/catdir/toc/ecip085/2007048794.html</a>
942 ## - ADDED ENTRY ELEMENTS (KOHA)
Source of classification or shelving scheme
Koha item type Book
Holdings
Withdrawn status Lost status Source of classification or shelving scheme Damaged status Not for loan Collection code Permanent Location Current Location Date acquired Total Checkouts Barcode Date last seen Price effective from Koha item type
            Military College of Signals (MCS) Military College of Signals (MCS) 12/12/2016   MCSEB-2844 12/08/2016 12/12/2016 Book
© 2023 Central Library, National University of Sciences and Technology. All Rights Reserved.